000 00251nam a22001217a 4500
003 SGT
082 _a618.92
_bP14N
100 _aNEWELL, SIMON
245 _aPEDIATRICS LECTURE NOTES
260 _aUK
_bWILEY
_c2014
300 _a320
942 _2ddc
_cBK
999 _c14945
_d14945